El poema a la mujer / (Record no. 115043)

MARC details
000 -LEADER
campo de control de longitud fija 00743nam a2200229 i 4500
001 - NÚMERO DE CONTROL
campo de control 115043
003 - IDENTIFICADOR DE NÚMERO DE CONTROL
campo de control ES-MaACL
005 - FECHA Y HORA DE LA ÚLTIMA TRANSACCIÓN
campo de control 20251216172705.0
007 - CAMPO FIJO DE DESCRIPCIÓN FÍSICA--INFORMACIÓN GENERAL
campo de control de longitud fija t|
008 - DATOS DE LONGITUD FIJA--INFORMACIÓN GENERAL
campo de control de longitud fija 070220s1910 sp ||||1| spa d
080 ## - NÚMERO DE LA CLASIFICACIÓN DECIMAL UNIVERSAL
Número de la Clasificación Decimal Universal 821.134.2-14"18"
100 1# - ENTRADA PRINCIPAL--NOMBRE DE PERSONA
Nombre de persona Rueda, Salvador,
Fechas asociadas al nombre 1857-1933
9 (RLIN) 100515
245 13 - MENCIÓN DEL TÍTULO
Título El poema a la mujer /
Mención de responsabilidad, etc. por Salvador Rueda ; ilustraciones de Montero ... [et al].
260 ## - PUBLICACIÓN, DISTRIBUCIÓN, ETC.
Lugar de publicación, distribución, etc. Madrid :
Nombre del editor, distribuidor, etc. El Cuento Semanal,
Fecha de publicación, distribución, etc. 1910.
300 ## - DESCRIPCIÓN FÍSICA
Extensión 24 p. :
Otras características físicas il. col. y n. ;
Dimensiones 26 cm.
490 1# - MENCIÓN DE SERIE
Mención de serie El cuento semanal ;
Designación de volumen o secuencia 158
597 ## - NOTA DE DESCRIPCIÓN FÍSICA
NOTA DE DESCRIPCIÓN FÍSICA Todas las páginas deterioradas.
700 1# - ENTRADA AGREGADA--NOMBRE PERSONAL
Nombre de persona Montero,
Títulos y otros términos asociados al nombre ilustrador
9 (RLIN) 82518
830 13 - PUNTO DE ACCESO ADICIONAL DE SERIE-TÍTULO UNIFORME
Título uniforme El cuento semanal
Designación de volumen o secuencia 158
9 (RLIN) 185957
852 4# - LOCALIZACIÓN
Ubicación ES-MaACL
Número de control de estantería G-4445(1)
Holdings
Estatus retirado Estado de pérdida Estado de daño No para préstamo Biblioteca de origen Biblioteca actual Ubicación en estantería Fecha de adquisición Fuente de adquisición Total de préstamos Signatura topográfica completa Código de barras Visto por última vez Precio de reemplazo Tipo de ítem Koha
        Biblioteca del Ateneo de Madrid Biblioteca del Ateneo de Madrid Depósito 2 17/01/2008     G-4445(1) 1119964 23/02/2023 23/02/2023 Libro impreso